UBT Library

The Parsonsburg Sand in the central Delmarva Peninsula, Maryland and Delaware / (Record no. 43112)

000 -LEADER
fixed length control field 00621cam a2200217 i 4500
001 - CONTROL NUMBER
control field 4152455
005 - DATE AND TIME OF LATEST TRANSACTION
control field 20180222034211.0
008 - FIXED-LENGTH DATA ELEMENTS--GENERAL INFORMATION
fixed length control field 771220s1979 dcua b f001 0 eng
010 ## - LIBRARY OF CONGRESS CONTROL NUMBER
LC control number 77608323
040 ## - CATALOGING SOURCE
Original cataloging agency DLC
Transcribing agency DLC
Modifying agency DLC
041 ## - LANGUAGE CODE
Language code of text/sound track or separate title eng
043 ## - GEOGRAPHIC AREA CODE
Geographic area code n-us-md
-- n-us-de
080 ## - UNIVERSAL DECIMAL CLASSIFICATION NUMBER
Universal Decimal Classification number 551.792 bro
082 00 - DEWEY DECIMAL CLASSIFICATION NUMBER
Classification number 551.792 bro
100 ## - Rafti
Rafti 42
101 ## - Shkurtesa
Shkurtesa geo
245 04 - TITLE STATEMENT
Title The Parsonsburg Sand in the central Delmarva Peninsula, Maryland and Delaware /
Statement of responsibility, etc by Charles S. Denny ... [et al.].
504 ## - BIBLIOGRAPHY, ETC. NOTE
Bibliography, etc Bibliography: p. 16.
906 ## - LOCAL DATA ELEMENT F, LDF (RLIN)
a 7
b cbc
c orignew
d 1
e ncip
f 19
g y-gencatlg
942 ## - ADDED ENTRY ELEMENTS (KOHA)
Source of classification or shelving scheme
Item type Books
Holdings
Withdrawn status Lost status Source of classification or shelving scheme Damaged status Not for loan Collection code Permanent location Current location Shelving location Date acquired Total Checkouts Full call number Barcode Date last seen Price effective from Koha item type
          Koleksioni i përgjithshem UBT - Lipjan UBT - Lipjan Koleksioni i përgjithshem 02/22/2018   551.792 bro 002-2999889 02/22/2018 02/22/2018 Books
UBT Library © 2015-2024. All rights reserved University Education for Business and Technology